[Event "Vezerkepzo GM March 2022"]
[Site "Budapest"]
[Date "2022.03.18"]
[Round "2.5"]
[White "Prraneeth Vuppala"]
[Black "Vantika Agrawal"]
[Result "1-0"]
[WhiteElo "2400"]
[BlackElo "2381"]
[Annotator "RC"]
[PlyCount "109"]
[EventDate "2022.03.17"]
[EventType "tourn"]
[EventCountry "HUN"]
[SourceTitle "playchess.com"]
[Source "ChessBase"]
[SourceQuality "1"]
[TimeControl "40/5400+30:1800+30"]

1. d4 {[%emt 0:00:14]} Nf6 {[%emt 0:00:35]} 2. c4 {[%emt 0:00:13]} g6 {[%emt 0:00:22]} 3. h4 {[%emt 0:00:35]} Bg7 {[%emt 0:03:18]} 4. Nc3 {[%emt 0:00:32]} d6 {[%emt 0:02:57]} 5. e4 {[%emt 0:00:50]} O-O {[%emt 0:18:49]} 6. Be2 {[%emt 0:01:17]} c5 {[%emt 0:09:54]} 7. d5 {[%emt 0:00:39]} e6 {[%emt 0:04:59]} 8. h5 {[%emt 0:00:41]} exd5 {[%emt 0:00:52]} 9. exd5 {[%emt 0:01:57]} Re8 {[%emt 0:00:52]} 10. h6 {[%emt 0:01:59]} Bh8 {[%emt 0:01:10]} 11. Bg5 {[%emt 0:00:40]} Qb6 {[%emt 0:19:04]} 12. b3 {[%emt 0:03:00]} Ne4 {[%emt 0:00:30]} 13. Nxe4 {[%emt 0:00:51]} Rxe4 {[%emt 0:00:11]} 14. Kf1 {[%emt 0:00:34]} Nd7 {[%emt 0:05:58]} 15. Nf3 {[%emt 0:09:33]} Re8 {[%emt 0:06:39]} 16. Rc1 {[%emt 0:03:39]} Nf6 {[%emt 0:04:48]} 17. Bd3 {[%emt 0:04:12]} Ne4 {[%emt 0:10:18]} 18. Bxe4 {[%emt 0:26:43]} Rxe4 {[%emt 0:00:06]} 19. Nd2 {[%emt 0:00:06]} Re8 {[%emt 0:04:18]} 20. Qf3 {[%emt 0:00:28]} f5 {[%emt 0:00:29]} 21. Qg3 {[%emt 0:12:51]} Bd7 {[%emt 0:00:54]} 22. Bf4 {[%emt 0:02:16]} Qa5 {[%emt 0:02:02]} 23. a4 {[%emt 0:05:28]} Qb4 {[%emt 0:01:09]} 24. Qd3 {[%emt 0:18:00]} Qa3 {[%emt 0:00:30]} 25. Rd1 {[%emt 0:00:30]} Bxa4 {[%emt 0:01:10]} 26. Bxd6 {[%emt 0:00:08]} Bd7 {[%emt 0:00:35]} 27. g3 {[%emt 0:04:56]} b6 {[%emt 0:00:20]} 28. Kg2 {[%emt 0:00:40]} Qb2 {[%emt 0:00:15]} 29. Rhe1 {[%emt 0:00:16]} Qf6 {[%emt 0:01:22]} 30. Bc7 {[%emt 0:00:58]} Qc3 {[%emt 0:00:29]} 31. Nf3 {[%emt 0:00:39]} Rxe1 {[%emt 0:00:30]} 32. Nxe1 {[%emt 0:00:21]} Re8 {[%emt 0:00:18]} 33. Qxc3 {[%emt 0:00:00]} Bxc3 {[%emt 0:00:00]} 34. Nd3 {[%emt 0:00:00]} Bd4 {[%emt 0:00:00]} 35. Rd2 {[%emt 0:00:00]} b5 {[%emt 0:00:00]} 36. Bd6 {[%emt 0:00:00]} bxc4 {[%emt 0:00:00]} 37. bxc4 {[%emt 0:00:00]} a5 {[%emt 0:00:00]} 38. Bxc5 {[%emt 0:00:00]} Bc3 {[%emt 0:00:00]} 39. Rc2 {[%emt 0:00:00]} Bf6 {[%emt 0:00:00]} 40. Bb6 {[%emt 0:00:00]} a4 {[%emt 0:00:00]} 41. Nc5 {[%emt 0:05:34]} Bc8 {[%emt 0:18:36]} 42. Nxa4 {[%emt 0:01:07]} f4 {[%emt 0:00:56]} 43. gxf4 {[%emt 0:01:07]} Bf5 {[%emt 0:02:25]} 44. Rd2 {[%emt 0:01:39]} Re4 {[%emt 0:02:13]} 45. d6 {[%emt 0:18:14]} Rxc4 {[%emt 0:00:38]} 46. Nc5 {[%emt 0:00:05]} Rb4 {[%emt 0:03:08]} 47. Bc7 {[%emt 0:00:05]} Rb5 {[%emt 0:05:09]} 48. Na6 {[%emt 0:00:54]} Be4+ {[%emt 0:04:21]} 49. f3 {[%emt 0:00:15]} Bb7 {[%emt 0:00:29]} 50. Nb8 {[%emt 0:02:31]} Rb3 {[%emt 0:00:40]} 51. d7 {[%emt 0:00:19]} Bxf3+ {[%emt 0:00:15]} 52. Kh2 {[%emt 0:00:08]} Kf7 {[%emt 0:01:11]} 53. d8=Q {[%emt 0:01:26]} Bxd8 {[%emt 0:00:04]} 54. Rxd8 {[%emt 0:00:04]} Ke6 {[%emt 0:00:32]} 55. Nd7 {[%emt 0:01:44]} 1-0

[Event "Vezerkepzo GM March 2022"]
[Site "Budapest"]
[Date "2022.03.19"]
[Round "3.1"]
[White "Vantika Agrawal"]
[Black "Ilincic, Zlatko"]
[Result "1-0"]
[WhiteElo "2381"]
[BlackElo "2331"]
[Annotator "NA"]
[PlyCount "91"]
[EventDate "2022.03.17"]
[EventType "tourn"]
[EventCountry "HUN"]
[SourceTitle "playchess.com"]
[Source "ChessBase"]
[SourceQuality "1"]
[TimeControl "40/5400+30:1800+30"]

1. d4 {[%emt 0:00:11]} Nf6 {[%emt 0:00:17]} 2. c4 {[%emt 0:00:13]} e6 {[%emt 0:00:09]} 3. Nf3 {[%emt 0:00:20]} Bb4+ {[%emt 0:00:11]} 4. Nbd2 {[%emt 0:00:39]} b6 {[%emt 0:00:42]} 5. a3 {[%emt 0:00:39]} Bxd2+ {[%emt 0:00:17]} 6. Qxd2 {[%emt 0:00:46]} Bb7 {[%emt 0:00:30]} 7. e3 {[%emt 0:00:34]} d6 {[%emt 0:00:25]} 8. Be2 {[%emt 0:00:40]} Nbd7 {[%emt 0:00:30]} 9. O-O {[%emt 0:00:41]} Ne4 {[%emt 0:10:17]} 10. Qc2 {[%emt 0:00:44]} c5 {[%emt 0:05:23]} 11. Rd1 {[%emt 0:07:23]} Qf6 $16 {[%emt 0:08:51]} (11... f5 $14) 12. b4 {[%emt 0:34:34]} cxd4 {[%emt 0:25:13]} 13. exd4 {[%emt 0:04:14]} d5 {[%emt 0:07:01]} 14. Bd3 {[%emt 0:11:12]} O-O {[%emt 0:01:53]} 15. Bb2 {[%emt 0:05:21]} Qf4 {[%emt 0:05:13]} 16. c5 {[%emt 0:01:25]} Rfc8 {[%emt 0:00:12]} 17. Qe2 {[%emt 0:02:52]} a6 {[%emt 0:02:05]} 18. Rac1 {[%emt 0:03:10]} Qb8 {[%emt 0:14:44]} 19. Nd2 {[%emt 0:11:14]} Nef6 {[%emt 0:02:26]} 20. Nb3 {[%emt 0:03:43]} Qa7 {[%emt 0:04:49]} 21. a4 {[%emt 0:01:38]} Ne4 {[%emt 0:03:38]} 22. f3 {[%emt 0:02:30]} Nef6 {[%emt 0:00:40]} 23. Qf2 {[%emt 0:01:14]} Nf8 {[%emt 0:01:48]} 24. Ra1 {[%emt 0:00:50]} Ng6 {[%emt 0:01:16]} 25. b5 {[%emt 0:00:41]} Re8 {[%emt 0:00:14]} 26. a5 {[%emt 0:03:10]} bxc5 {[%emt 0:00:47]} 27. b6 {[%emt 0:00:22]} Qb8 {[%emt 0:00:18]} 28. Nxc5 {[%emt 0:00:11]} Nf8 {[%emt 0:00:41]} 29. Qe2 {[%emt 0:00:29]} N8d7 {[%emt 0:01:54]} 30. Nxa6 {[%emt 0:00:56]} Bxa6 {[%emt 0:00:07]} 31. Bxa6 {[%emt 0:00:02]} e5 {[%emt 0:00:07]} 32. Bb5 {[%emt 0:01:14]} Re6 {[%emt 0:00:09]} 33. Qc2 {[%emt 0:02:00]} e4 {[%emt 0:00:29]} 34. fxe4 {[%emt 0:00:29]} Rxe4 {[%emt 0:02:55]} 35. h3 {[%emt 0:00:37]} Qf4 {[%emt 0:00:53]} 36. b7 {[%emt 0:00:40]} Rb8 {[%emt 0:00:53]} 37. a6 {[%emt 0:00:10]} Qe3+ {[%emt 0:00:18]} 38. Qf2 {[%emt 0:00:23]} Qxf2+ {[%emt 0:00:39]} 39. Kxf2 {[%emt 0:00:03]} Nb6 {[%emt 0:00:07]} 40. a7 {[%emt 0:00:00]} Rxb7 {[%emt 0:00:00]} 41. a8=Q+ {[%emt 0:02:52]} Nxa8 {[%emt 0:00:21]} 42. Rxa8+ {[%emt 0:00:03]} Ne8 {[%emt 0:00:17]} 43. Bxe8 {[%emt 0:03:57]} Rxb2+ {[%emt 0:00:33]} 44. Kg1 {[%emt 0:00:05]} g6 {[%emt 0:00:29]} 45. Bc6+ {[%emt 0:00:47]} Kg7 {[%emt 0:00:11]} 46. Bxd5 {[%emt 0:00:02]} 1-0

[Event "Vezerkepzo GM March 2022"]
[Site "Budapest"]
[Date "2022.03.19"]
[Round "3.2"]
[White "Varga, Zoltan"]
[Black "Prraneeth Vuppala"]
[Result "1/2-1/2"]
[WhiteElo "2390"]
[BlackElo "2400"]
[Annotator "NA"]
[PlyCount "81"]
[EventDate "2022.03.17"]
[EventType "tourn"]
[EventCountry "HUN"]
[SourceTitle "playchess.com"]
[Source "ChessBase"]
[SourceQuality "1"]
[TimeControl "40/5400+30:1800+30"]

1. c4 {[%emt 0:13:27]} c5 {[%emt 0:01:34]} 2. Nf3 {[%emt 0:00:07]} Nf6 {[%emt 0:01:26]} 3. d4 {[%emt 0:00:04]} cxd4 {[%emt 0:01:20]} 4. Nxd4 {[%emt 0:00:07]} Nc6 {[%emt 0:00:06]} 5. Nc3 {[%emt 0:00:04]} e6 {[%emt 0:00:32]} 6. Ndb5 {[%emt 0:00:43]} d5 {[%emt 0:03:54]} 7. Bf4 {[%emt 0:07:50]} e5 {[%emt 0:00:43]} 8. cxd5 {[%emt 0:00:06]} exf4 {[%emt 0:00:26]} 9. dxc6 {[%emt 0:00:02]} bxc6 {[%emt 0:00:25]} 10. Qxd8+ {[%emt 0:00:33]} Kxd8 {[%emt 0:00:08]} 11. Rd1+ {[%emt 0:00:21]} Bd7 {[%emt 0:00:46]} 12. Nd4 $11 {[%emt 0:08:27]} Kc7 {[%emt 0:33:34]} 13. g3 {[%emt 0:09:43]} Rb8 {[%emt 0:05:15]} 14. Nb3 {[%emt 0:04:10]} Be6 {[%emt 0:23:07]} 15. Bg2 {[%emt 0:01:18]} Bxb3 {[%emt 0:03:58]} 16. axb3 {[%emt 0:00:04]} Rxb3 {[%emt 0:00:48]} 17. O-O {[%emt 0:00:51]} fxg3 {[%emt 0:05:30]} 18. hxg3 {[%emt 0:05:43]} Nd7 {[%emt 0:01:28]} 19. Ra1 {[%emt 0:01:38]} Rxb2 {[%emt 0:05:04]} 20. Rxa7+ {[%emt 0:03:08]} Rb7 {[%emt 0:00:47]} 21. Nb5+ {[%emt 0:04:00]} Kb6 {[%emt 0:02:21]} 22. Rxb7+ {[%emt 0:07:08]} Kxb7 {[%emt 0:00:02]} 23. Rb1 {[%emt 0:00:24]} Bc5 {[%emt 0:03:44]} 24. Nd4+ {[%emt 0:01:33]} Kc7 {[%emt 0:00:11]} 25. Nxc6 {[%emt 0:00:05]} Re8 {[%emt 0:01:29]} 26. e3 {[%emt 0:01:25]} g6 {[%emt 0:02:16]} 27. Na5 {[%emt 0:00:27]} Re6 {[%emt 0:02:19]} 28. Rc1 {[%emt 0:04:04]} Rb6 {[%emt 0:00:40]} 29. Bd5 {[%emt 0:01:52]} f6 {[%emt 0:00:26]} 30. Nb3 {[%emt 0:01:37]} Kd6 {[%emt 0:00:29]} 31. Bg8 {[%emt 0:00:05]} Rb8 {[%emt 0:00:39]} 32. Nxc5 {[%emt 0:04:19]} Rxg8 {[%emt 0:00:05]} 33. Rd1+ {[%emt 0:00:06]} Kxc5 {[%emt 0:00:04]} 34. Rxd7 {[%emt 0:00:02]} h5 {[%emt 0:00:19]} 35. Kg2 {[%emt 0:00:22]} Kc6 {[%emt 0:00:23]} 36. Rd4 {[%emt 0:01:24]} Rg7 {[%emt 0:00:18]} 37. Ra4 {[%emt 0:00:30]} Kd6 {[%emt 0:00:49]} 38. Ra6+ {[%emt 0:00:44]} Ke7 {[%emt 0:00:49]} 39. f4 {[%emt 0:00:31]} Rg8 {[%emt 0:00:40]} 40. Ra7+ {[%emt 0:00:00]} Ke6 {[%emt 0:00:00]} 41. Ra6+ {[%emt 0:00:19]} 1/2-1/2

[Event "Vezerkepzo GM March 2022"]
[Site "Budapest"]
[Date "2022.03.19"]
[Round "3.3"]
[White "Akshat, Khamparia"]
[Black "Pranav Anand"]
[Result "0-1"]
[WhiteElo "2390"]
[BlackElo "2436"]
[Annotator "TA"]
[PlyCount "84"]
[EventDate "2022.03.17"]
[EventType "tourn"]
[EventCountry "HUN"]
[SourceTitle "playchess.com"]
[Source "ChessBase"]
[SourceQuality "1"]

{[%evp 19,84,0,-2,-48,0,-16,61,55,45,43,43,43,43,45,52,34,16,-100,-83,-82,-37,-45,0,0,0,0,-4,0,0,0,0,0,0,0,0,0,0,-26,-25,-101,-93,-124,-122,-186,-189,-260,-283,-688,-716,-704,-702,-1072,-786,-757,-746,-808,-623,-504,-402,-856,-857,-800,-816,-1254,-1227,-1208,-1048]} 1. d4 d5 2. c4 e6 3. Nc3 c6 4. Nf3 Nf6 5. Bg5 {[%cal Bc1g5,Bg5h4,Bh4g3][%mdl 32]} h6 6. Bh4 dxc4 7. e4 g5 8. Bg3 b5 9. Be2 Bb7 10. O-O Nbd7 11. Nd2 {D43: Semi-Slav: 5 Bg5 h6.} (11. Ne5 $11 {might be stronger.}) 11... Qb6 (11... Be7 $15) 12. a4 Bb4 (12... Be7 $11) 13. e5 $1 $14 {[%mdl 1024] White has compensation. White is slightly better.} Nd5 14. Nde4 {[#]} O-O-O $146 ({Predecessor:} 14... a6 15. Re1 O-O-O 16. Qd2 Be7 17. Nd6+ Bxd6 18. exd6 f5 19. f3 Rhf8 20. Bd1 Nb4 {1-0 (53) Bleker,F (2375)-Legrand,S (2325) FICGS email 2017}) 15. a5 $1 Qc7 ({Weaker is} 15... Bxa5 16. Nd6+ Kb8 17. Nxd5 cxd5 18. Nxf7 $18) 16. Qd2 {[%cal Oc3d5]} Qb8 17. Rfc1 a6 18. b3 (18. Nd6+ $1 $11 Bxd6 19. exd6) 18... Nxc3 $17 19. Nxc3 {[#]} Nc5 $1 20. bxc4 $15 {[#] Qb2 is the strong threat.} Ne4 $1 21. Qe3 $11 Bxc3 22. Rxc3 Nxc3 23. Qxc3 bxc4 24. Rb1 Qc7 ({But not} 24... Qa7 25. Rb6 $16) 25. Bxc4 c5 26. d5 Bxd5 (26... exd5 $2 27. e6 $1 d4 28. Qd3 $18 (28. Bxc7 dxc3 29. Bxd8 c2 $11)) 27. Bxa6+ Kd7 28. f3 Rb8 29. Rd1 (29. Bb5+ $11 Bc6 30. Rd1+ Ke8 31. Bd3) 29... Qc6 30. Bc4 {[#] Strongly threatening Bxd5.} Qa4 $1 31. Be2 (31. Qc1 $17 Kc6 32. Bxd5+ exd5 33. e6 fxe6 34. Bxb8 Rxb8 35. Re1) 31... Rhc8 $19 32. a6 (32. Bf2 {is a better defense.}) 32... c4 33. Rxd5+ $2 (33. Ra1 Qb3 34. Qc1) 33... exd5 34. e6+ fxe6 {Hoping for ...Rb1+.} 35. h4 Qxa6 36. Qg7+ Kc6 {And now ...Rb1+ would win.} 37. Qxh6 Kb7 {aiming for ...gxh4.} 38. Qxg5 Ka8 39. Be5 (39. Bxb8 $142 Qb6+ 40. Kf1 Kxb8 41. Bd1) 39... Rb1+ {Black is clearly winning.} 40. Kh2 Qb6 41. Qe7 Re1 42. Qd7 Qc6 {Weighted Error Value: White=0.75/Black=0.33} 0-1

[Event "Vezerkepzo GM March 2022"]
[Site "Budapest"]
[Date "2022.03.19"]
[Round "3.4"]
[White "Csiki, Endre"]
[Black "Rathanvel, V S"]
[Result "1/2-1/2"]
[WhiteElo "2320"]
[BlackElo "2477"]
[Annotator "TA"]
[PlyCount "95"]
[EventDate "2022.03.17"]
[EventType "tourn"]
[EventCountry "HUN"]
[SourceTitle "playchess.com"]
[Source "ChessBase"]
[SourceQuality "1"]

{[%evp 15,95,0,14,0,0,0,0,0,0,-13,0,0,0,0,0,-7,18,10,11,18,20,-12,-8,-11,-14,-10,-12,-12,-11,-14,-4,-18,-6,-12,0,-19,-22,-18,0,-14,0,-32,-4,-3,-3,-6,-11,-8,-12,-8,-8,-10,-4,-8,-4,-4,-6,-6,-6,-10,0,0,0,0,0,0,0,0,0,-18,-18,-18,-28,-42,-5,-87,-40,-40,-40,-40,-40,-52]} 1. e4 c5 2. c3 Nf6 3. e5 Nd5 4. Nf3 Nc6 5. d4 cxd4 6. cxd4 d6 7. Bc4 Nb6 8. Bb5 Bd7 9. exd6 {B22: Sicilian: 2 c3.} e6 10. Bg5 f6 {10...Qb8 is vanishing.} 11. Bd2 {The position is equal.} Bxd6 12. Nc3 Nb4 13. Qb3 Bxb5 14. Nxb5 {[#]} ({Much weaker is} 14. Qxe6+ Qe7 15. Qxe7+ Kxe7 $17) 14... N4d5 $146 ({Predecessor:} 14... N6d5 15. O-O O-O 16. Bxb4 Bxb4 17. Nc3 Bxc3 18. bxc3 b5 19. Rfe1 Qc8 20. Rac1 Qc6 {0-1 (39) Lortkipanidze,N (2416)-Shanava,K (2504) Tbilisi 2021}) 15. O-O O-O 16. Ba5 Qd7 17. Bxb6 axb6 18. Nc3 Nxc3 19. bxc3 Ra3 20. Qxb6 Rxc3 21. Rab1 Rc7 22. Rfe1 Ra8 23. Re2 Ra6 24. Qb3 Bf8 25. Rbe1 {[%cal Re2e6]} Rcc6 26. Rb2 Rc7 27. Rbe2 {[%cal Re2e6]} Qa4 28. Qb1 Qc4 29. Rb2 {Inhibits Bb4.} Qd5 30. Rb5 Qxa2 31. Rxb7 Qxb1 32. Rbxb1 Kf7 33. Re2 Rac6 34. h3 Rc1+ 35. Rxc1 Rxc1+ $11 {[%mdl 4096] Endgame KRB-KRN} 36. Re1 Rc2 37. g3 Ke7 38. Ra1 Kd6 39. Ra8 Ke7 40. Ra7+ Ke8 41. Kg2 e5 {[%cal Be6e5,Be5e4][%mdl 32]} 42. Ra1 e4 43. Re1 f5 44. g4 Be7 (44... Bb4 $5 {[%cal Rb4e1]} 45. Re3 Kf7 46. Ne5+ Kf6 47. gxf5 Kxf5 $17) 45. Nh2 (45. Ne5 $11 {keeps the balance.}) 45... g6 (45... Bh4 $17 46. gxf5 Rxf2+ 47. Kg1 Rf4) 46. gxf5 {Black is slightly better.} gxf5 {[#] Threatens to win with ...Bh4.} 47. Nf1 $1 Bh4 48. Ng3 {Weighted Error Value: White=0.08 (flawless) /Black=0.07 (flawless)} 1/2-1/2

[Event "Vezerkepzo GM March 2022"]
[Site "Budapest"]
[Date "2022.03.19"]
[Round "3.5"]
[White "Seres, Lajos"]
[Black "Kulkarni Bhakti"]
[Result "1/2-1/2"]
[WhiteElo "2387"]
[BlackElo "2388"]
[Annotator "ChessBase"]
[PlyCount "46"]
[EventDate "2022.03.17"]
[EventType "tourn"]
[EventCountry "HUN"]
[SourceTitle "playchess.com"]
[Source "ChessBase"]
[SourceQuality "1"]
[TimeControl "40/5400+30:1800+30"]

1. Nf3 {[%emt 0:00:04]} Nf6 {[%emt 0:01:46]} 2. c4 {[%emt 0:00:11]} g6 {[%emt 0:00:48]} 3. g3 {[%emt 0:00:18]} Bg7 {[%emt 0:00:18]} 4. Bg2 {[%emt 0:00:04]} O-O {[%emt 0:00:28]} 5. d4 {[%emt 0:00:23]} c5 {[%emt 0:00:36]} 6. Nc3 {[%emt 0:01:26]} cxd4 {[%emt 0:00:14]} 7. Nxd4 {[%emt 0:00:04]} Qc7 {[%emt 0:00:10]} 8. b3 {[%emt 0:30:12]} d5 {[%emt 0:00:15]} 9. Ncb5 {[%emt 0:09:07]} Qd7 {[%emt 0:06:42]} 10. O-O {[%emt 0:06:32]} dxc4 {[%emt 0:02:50]} 11. bxc4 {[%emt 0:00:06]} Rd8 {[%emt 0:01:20]} 12. Qb3 {[%emt 0:15:08]} a6 {[%emt 0:17:49]} 13. Nc3 {[%emt 0:00:07]} Qc7 {[%emt 0:01:50]} 14. Be3 {[%emt 0:00:53]} e6 {[%emt 0:15:43]} 15. Nxe6 {[%emt 0:20:11]} fxe6 {[%emt 0:00:58]} 16. Bb6 {[%emt 0:00:04]} Qe7 {[%emt 0:00:27]} 17. Bxd8 {[%emt 0:00:08]} Qxd8 {[%emt 0:00:05]} 18. Bxb7 {[%emt 0:00:04]} Bxb7 {[%emt 0:03:22]} 19. Qxb7 {[%emt 0:00:07]} Nbd7 {[%emt 0:00:08]} 20. Qc6 {[%emt 0:02:55]} Nf8 {[%emt 0:06:46]} 21. Rab1 {[%emt 0:01:31]} Qc8 {[%emt 0:01:49]} 22. Qf3 {[%emt 0:00:18]} Ra7 {[%emt 0:03:42]} 23. Ne4 {[%emt 0:00:40]} Nxe4 {[%emt 0:02:31]} 1/2-1/2

[Event "Vezerkepzo GM March 2022"]
[Site "Budapest"]
[Date "2022.03.21"]
[Round "4.1"]
[White "Ilincic, Zlatko"]
[Black "Kulkarni Bhakti"]
[Result "1/2-1/2"]
[WhiteElo "2331"]
[BlackElo "2388"]
[Annotator "NA"]
[PlyCount "76"]
[EventDate "2022.03.17"]
[EventType "tourn"]
[EventCountry "HUN"]
[SourceTitle "playchess.com"]
[Source "ChessBase"]
[SourceQuality "1"]
[TimeControl "40/5400+30:1800+30"]

1. d4 {[%emt 0:00:06]} Nf6 {[%emt 0:00:18]} 2. c4 {[%emt 0:00:12]} g6 {[%emt 0:00:32]} 3. g3 {[%emt 0:00:17]} c5 {[%emt 0:00:19]} 4. d5 {[%emt 0:00:17]} b5 {[%emt 0:00:21]} 5. cxb5 {[%emt 0:04:21]} a6 {[%emt 0:02:54]} 6. bxa6 {[%emt 0:00:17]} Bg7 {[%emt 0:00:28]} 7. Nc3 {[%emt 0:00:19]} O-O {[%emt 0:01:38]} 8. Nf3 {[%emt 0:00:16]} d6 {[%emt 0:00:24]} 9. Bg2 {[%emt 0:00:53]} Bxa6 {[%emt 0:00:56]} 10. O-O {[%emt 0:00:10]} Nbd7 {[%emt 0:00:08]} 11. Ne1 {[%emt 0:00:45]} Ng4 {[%emt 0:07:36]} 12. Bd2 {[%emt 0:09:01]} Qb6 {[%emt 0:08:58]} 13. Rb1 {[%emt 0:01:45]} Rfb8 {[%emt 0:00:40]} 14. Nc2 {[%emt 0:01:13]} Qa5 $11 {[%emt 0:04:56]} 15. Bh3 {[%emt 0:10:39]} Ngf6 {[%emt 0:01:28]} 16. b3 {[%emt 0:00:33]} Qc7 {[%emt 0:08:14]} 17. a4 {[%emt 0:04:41]} Nb6 {[%emt 0:03:16]} 18. Bg2 {[%emt 0:01:22]} Bb7 {[%emt 0:01:21]} 19. e4 {[%emt 0:03:59]} c4 {[%emt 0:05:49]} 20. Nd4 {[%emt 0:35:27]} cxb3 {[%emt 0:02:19]} 21. Qxb3 {[%emt 0:07:33]} Nc4 {[%emt 0:20:01]} 22. Bg5 {[%emt 0:08:01]} Na5 {[%emt 0:06:50]} 23. Qb4 {[%emt 0:01:10]} Qd8 {[%emt 0:04:52]} 24. Ncb5 {[%emt 0:03:56]} Nd7 {[%emt 0:00:13]} 25. Nxd6 {[%emt 0:01:55]} h6 {[%emt 0:00:41]} 26. Nxf7 {[%emt 0:00:20]} Kxf7 {[%emt 0:02:35]} 27. Ne6 {[%emt 0:00:09]} Qe8 {[%emt 0:00:38]} 28. Nc7 {[%emt 0:00:23]} Qd8 {[%emt 0:00:20]} 29. Ne6 {[%emt 0:02:24]} Qe8 {[%emt 0:00:02]} 30. Nxg7 {[%emt 0:00:28]} Kxg7 {[%emt 0:00:12]} 31. Bxe7 {[%emt 0:01:12]} Ba6 {[%emt 0:04:14]} 32. Qc3+ {[%emt 0:00:21]} Kh7 {[%emt 0:00:23]} 33. Rxb8 {[%emt 0:00:26]} Rxb8 {[%emt 0:00:03]} 34. Re1 {[%emt 0:01:22]} Nc4 {[%emt 0:08:26]} 35. d6 {[%emt 0:00:13]} Qf7 {[%emt 0:02:25]} 36. f4 {[%emt 0:00:15]} Rb2 {[%emt 0:00:58]} 37. Bf1 {[%emt 0:00:13]} Ra2 {[%emt 0:00:36]} 38. Qb3 {[%emt 0:01:10]} Rd2 {[%emt 0:00:45]} 1/2-1/2

[Event "Vezerkepzo GM March 2022"]
[Site "Budapest"]
[Date "2022.03.21"]
[Round "4.2"]
[White "Rathanvel, V S"]
[Black "Seres, Lajos"]
[Result "1/2-1/2"]
[WhiteElo "2477"]
[BlackElo "2387"]
[Annotator "TA"]
[PlyCount "35"]
[EventDate "2022.03.17"]
[EventType "tourn"]
[EventCountry "HUN"]
[SourceTitle "playchess.com"]
[Source "ChessBase"]
[SourceQuality "1"]

{[%evp 9,35,17,26,20,27,-20,25,-27,-16,-27,-17,-38,-11,-86,-50,-53,-58,-125,-95,-119,-114,-126,-99,-110,-102,-178,-170,-153]} 1. e4 e5 2. Nf3 Nc6 3. Bb5 Nf6 4. Bxc6 dxc6 5. d3 Bc5 6. O-O {C65: Ruy Lopez: Berlin Defence (3...Nf6), unusual lines and 4 0-0 Bc5.} Qe7 7. h3 (7. Nbd2 $142) 7... h6 (7... Rg8 $142) 8. Be3 {[#]} (8. c3 $142) 8... Bxe3 $146 ({Predecessor:} 8... O-O 9. Nbd2 Re8 10. Bxc5 Qxc5 11. Nb3 Qd6 12. Qd2 Be6 13. Qc3 Rad8 14. Qxe5 Qxe5 15. Nxe5 Bxb3 16. Nxc6 bxc6 17. axb3 {½-½ (30) Ochowicz,J (1400)-Jobda,R Krakow 2011}) 9. fxe3 g5 10. d4 $1 exd4 11. e5 (11. Qxd4 $11 {keeps the balance.} O-O 12. Nc3) 11... Nd5 12. Qxd4 Be6 13. c4 ({White should try} 13. Nbd2 $15) 13... Nb4 {And now ...Nc2 would win.} 14. Qe4 {To avoid Nc2} O-O-O {White must now prevent ...h5.} 15. Nc3 g4 16. hxg4 Rdg8 17. Nh2 (17. Ne2 $17) 17... h5 $19 {[%cal Rh5g4][%mdl 1024] Black has strong compensation.} 18. Rf6 {Weighted Error Value: White=0.31/Black=0.12 (very precise)} 1/2-1/2

[Event "Vezerkepzo GM March 2022"]
[Site "Budapest"]
[Date "2022.03.21"]
[Round "4.3"]
[White "Pranav Anand"]
[Black "Csiki, Endre"]
[Result "1-0"]
[WhiteElo "2436"]
[BlackElo "2320"]
[Annotator "ChessBase"]
[PlyCount "63"]
[EventDate "2022.03.17"]
[EventType "tourn"]
[EventCountry "HUN"]
[SourceTitle "playchess.com"]
[Source "ChessBase"]
[SourceQuality "1"]
[TimeControl "40/5400+30:1800+30"]

1. d4 {[%emt 0:00:04]} d5 {[%emt 0:03:05]} 2. c4 {[%emt 0:00:11]} e6 {[%emt 0:00:06]} 3. Nf3 {[%emt 0:00:05]} Nf6 {[%emt 0:00:03]} 4. g3 {[%emt 0:00:04]} Bb4+ {[%emt 0:00:07]} 5. Bd2 {[%emt 0:00:05]} Be7 {[%emt 0:00:04]} 6. Bg2 {[%emt 0:00:04]} O-O {[%emt 0:00:04]} 7. O-O {[%emt 0:00:03]} Nbd7 {[%emt 0:00:04]} 8. Nc3 {[%emt 0:00:14]} dxc4 {[%emt 0:01:53]} 9. e4 {[%emt 0:00:05]} c5 {[%emt 0:04:26]} 10. Bf4 {[%emt 0:02:26]} cxd4 {[%emt 0:07:16]} 11. Qxd4 {[%emt 0:00:02]} Nc5 {[%emt 0:12:19]} 12. Qxc4 {[%emt 0:15:56]} b5 {[%emt 0:03:29]} 13. Nxb5 {[%emt 0:02:27]} Ba6 {[%emt 0:00:05]} 14. Nfd4 {[%emt 0:13:16]} Qb6 {[%emt 0:02:02]} 15. a4 {[%emt 0:06:01]} Rac8 {[%emt 0:15:05]} 16. e5 {[%emt 0:09:06]} Nd5 {[%emt 0:00:07]} 17. Bxd5 {[%emt 0:00:17]} exd5 {[%emt 0:00:04]} 18. Qe2 {[%emt 0:00:05]} Ne6 {[%emt 0:13:01]} 19. Nf5 {[%emt 0:07:18]} Bc5 {[%emt 0:01:55]} 20. Qg4 {[%emt 0:01:35]} g6 {[%emt 0:01:40]} 21. Nbd6 {[%emt 0:10:45]} Kh8 {[%emt 0:27:39]} 22. Nxc8 {[%emt 0:07:41]} Rxc8 {[%emt 0:05:10]} 23. Nh6 {[%emt 0:17:51]} Bxf1 {[%emt 0:00:34]} 24. Nxf7+ {[%emt 0:00:46]} Kg7 {[%emt 0:00:05]} 25. Nd6 {[%emt 0:00:02]} Bxf2+ {[%emt 0:01:37]} 26. Kxf1 {[%emt 0:00:05]} Qxb2 {[%emt 0:00:34]} 27. Bh6+ {[%emt 0:04:20]} Kh8 {[%emt 0:00:41]} 28. Rd1 {[%emt 0:00:55]} Bd4 {[%emt 0:00:41]} 29. Qf3 {[%emt 0:00:01]} Bxe5 {[%emt 0:00:09]} 30. Nxc8 {[%emt 0:00:07]} Qb7 {[%emt 0:00:15]} 31. Qxd5 {[%emt 0:00:21]} Qa6+ {[%emt 0:00:12]} 32. Qb5 {[%emt 0:00:10]} 1-0